1561 1930 1573 1278 1748 1618 1473 1829 1626 1424 1671 1064 1032 1954 1349 1040 1447 1628 1782 1552 1700 1646 1985 1317 1252 1637 1299 1347 1763 1444 1354 1022 1455 1821 1556 1766 1543 1430 1887 1136 1489 1062 1475 1120 1710 1350 1048 1865 1022 1740 1058 1836 1918 1127 1012 1944 1036 1289 1416 1750 1973 1190 1472 1524 1741 1073 1769 1400 1174 1492 1792 1687 1442 1340 1385 1985 1190 1380 1230 1157 1167 1771 1140 1624 1700 1501 1551 1319 1164 1851 1750 1909 1010 1603 1191 1212 1992 1295 1154 BCNSPRNW ULIB Ver.6.0+V

เปลี่ยนเป็นภาษาไทย

Change to English
 แสดงรายละเอียดบรรณานุกรม
  กลับหน้าหลัก

Brief Record : Get Marc (ISO 2709) : E-mail record : QR code < ปิดหน้าต่าง
LEADER : 00000nam 2200000uu 4500
001    13399124522
003     ULIB
008    150821s2555||||th 000 0 tha d
020    ^a9786162190476
090    ^aนว^bป622ต
100 0  ^aปิยะพร ศักดิ์เกษม
245 10 ^aตะวันทอแสง /^cปิยะพร ศักดิ์เกษม
250    ^aพิมพ์ครั้งที่ 8
260    ^aกรุงเทพฯ :^bอรุณ,^c2555
300    ^a409 หน้า ;^c19 ซม.
440  0 ^aนวนิยาย ;^vลำดับที่ 169
650  4 ^aนวนิยายไทย
700 0  ^aนันทพร ศานติเกษม
945    ^p305^l0^i039784
999    ^aเกษร โพธิ์สุวรรณ
รายการนี้ยังไม่มีแท็ก
คุณยังไม่ได้ล็อกอิน คุณสามารถมีกิจกรรมร่วมกับเว็บไซต์ได้ แต่ต้องล็อกอินก่อน ::
  ล็อกอิน

รายการสื่อสารสนเทศ

ลำดับที่ ประเภท เลขเรียก/บาร์โค้ด สถานที่ สถานะ
1. นวนิยาย
นวนิยาย
นว ป622ต ฉ.1 
  Barcode: 039784
ห้องสมุดวิทยาเขตนครสวรรค์
►นวนิยาย:l:Fiction
บนชั้น
Note:อภินันทนาการโดย อาจารย์จุฑารัตน์ สว่างชัย

รายการใกล้เคียง
    หัวเรื่อง [นวนิยายไทย]

BibComment


ยังไม่เคยถูกคอมเมนท์

คอมเมนท์ทรัพยากรรายการนี้
  คอมเมนท์: ตะวันทอแสง ปิยะ..


 Copyright 2026. Bcnsprnw @Library